Statistiques concernant Plus grande ville des états des Etats-Unis

Cliquez ici pour prendre le quiz!

Statistiques générales

  • Ce quiz a été pris 434 fois
  • Le résultat moyen est 27 sur 51

Statistiques - réponses

HintAnswer% Correct
New YorkNew York
95%
CalifornieLos Angeles
92%
WashingtonSeattle
90%
IllinoisChicago
89%
MassachussettsBoston
87%
NevadaLas Vegas
82%
District of ColumbiaWashington
82%
TexasHouston
80%
ColoradoDenver
78%
GéorgieAtlanta
78%
MichiganDetroit
76%
PennsylvaniePhiladelphie
74%
ArizonaPhoenix
73%
HawaïHonolulu
71%
IndianaIndianapolis
70%
OklahomaOklahoma City
70%
MissouriKansas City
68%
Maine | OregonPortland
67%
UtahSalt Lake City
63%
Caroline du NordCharlotte
62%
MinnesotaMinneapolis
60%
MississippiJackson
60%
TennesseeMemphis
59%
MarylandBaltimore
59%
FlorideJacksonville
51%
Nouveau MexiqueAlbuquerque
51%
IowaDes Moines
50%
AlaskaAnchorage
49%
OhioColumbus
46%
KentuckyLouisville
42%
WisconsinMilwaukee
38%
LouisianeLa Nouvelle Orléans
38%
IdahoBoise
37%
Rhode IslandProvidence
37%
ArkansasLittle Rock
35%
New JerseyNewark
32%
WyomingCheyenne
30%
NebraskaOmaha
30%
VirginieVirginia Beach
29%
Virginie OccidentaleCharleston
29%
Caroline du SudColumbia
28%
KansasWichita
27%
AlabamaBirmingham
27%
Dakota du SudSioux Falls
26%
Dakota du NordFargo
24%
New HampshireManchester
20%
VermontBurlington
15%
MontanaBillings
15%
DelawareWilmington
11%
ConnectiutBridgetown
3%

Distribution des résultats

Percentile par nombre de réponses

% des personnes avec chaque résultat

Votre développement - résultats

Vous n’avez pas pris ce quiz